Derivatives Analytics with Python
Saved in:
| Main Author: | |
|---|---|
| Format: | Book |
| Language: | English |
| Published: |
Chichester
Wiley
2015
|
| Series: | Wiley Finance Series
|
| Subjects: | |
| Tags: |
No Tags, Be the first to tag this record!
|
MARC
| LEADER | 00000nam a2200000 4500 | ||
|---|---|---|---|
| 001 | 0257983 | ||
| 005 | 20240314122818.1 | ||
| 020 | |a 978-1-119-03799-6 | ||
| 020 | |a 978-1-119-03793-4 | ||
| 041 | 0 | |a eng | |
| 044 | |a GB | ||
| 245 | 1 | 0 | |a Derivatives Analytics with Python |c Yves Hilpisch |
| 264 | 1 | |a Chichester |b Wiley |c 2015 | |
| 300 | |a 356 s. | ||
| 490 | 1 | |a Wiley Finance Series | |
| 830 | 0 | |a Wiley Finance Series | |
| 610 | 2 | 0 | |a financie |
| 610 | 2 | 0 | |a deriváty |
| 610 | 2 | 0 | |a dáta |
| 610 | 2 | 0 | |a analýzy |
| 610 | 2 | 0 | |a modely |
| 610 | 2 | 0 | |a simulácia |
| 610 | 2 | 0 | |a hedging |
| 610 | 2 | 0 | |a modelovanie ekonometrické |
| 610 | 2 | 0 | |a jazyky programovacie |
| 610 | 2 | 0 | |a programovanie |
| 610 | 2 | 0 | |a Python |
| 100 | 1 | |a Hilpisch, Yves | |